Catálogo

Vista normal Vista MARC

Entrada Personal Name

Número de registros utilizados en: 1

001 - CONTROL NUMBER

  • control field: 17824

003 - CONTROL NUMBER IDENTIFIER

  • control field: DLC

005 - DATE AND TIME OF LATEST TRANSACTION

  • control field: 20260205155758.0

008 - FIXED-LENGTH DATA ELEMENTS

  • fixed length control field: 860811n| acannaab| |n aaa ||| b

010 ## - LIBRARY OF CONGRESS CONTROL NUMBER

  • LC control number: n 85250509

040 ## - CATALOGING SOURCE

  • Original cataloging agency: DNLM
  • Transcribing agency: Mx-PuUPA
  • Modifying agency: DLC
  • Modifying agency: Mx-PuUPA
  • Language of cataloging: spa
  • Description conventions: rda

100 10 - HEADING--PERSONAL NAME

  • Personal name: Garber, David A.,

373 ## - ASSOCIATED GROUP

  • Associated group: Colegio Médico de Georgia, Escuela de Odontología

374 ## - OCCUPATION

  • Occupation: Autor
  • Occupation: Profesor de Periodoncia clínica
  • Occupation: Profesor de Prótesis dentales Clínico

375 ## - GENDER

  • Gender: hombre

377 ## - ASSOCIATED LANGUAGE

  • Language code: eng

670 ## - SOURCE DATA FOUND

  • Source citation: Feinman, R.A. Bleaching teeth, 1986:
  • Information found: CIP t.p. (David A. Garber, D.M.D., B.D.S.; spec. lect. in esthetic dentistry, Emory Univ.)